Normal view
MARC view
Entry Personal Name
001 - CONTROL NUMBER
- control field: 34888
003 - CONTROL NUMBER IDENTIFIER
- control field: OSt
005 - DATE AND TIME OF LATEST TRANSACTION
- control field: 20160128132436.0
008 - FIXED-LENGTH DATA ELEMENTS
- fixed length control field: 160128|| aca||aabn | a|a d
040 ## - CATALOGING SOURCE
- Original cataloging agency: OSt
- Transcribing agency: OSt
100 ## - HEADING--PERSONAL NAME
- Personal name: Moore, Brooke Noel
670 ## - SOURCE DATA FOUND
- Source citation: Work cat.: (OSt)32719: Moore, Brooke Noel, Philosophy The Power of Ideas, 1995









